'F' This Typing Challenge Quiz Stats

 Plays Quiz Updated Oct 4, 2018

Challenge
Share
Tweet
Embed
Score 0/48 Timer 02:00
2 Plays Today
word re-word % Correct
Column 1if
99.9%
Column 1fat
99.6%
Column 1fort
99.3%
Column 1fast
99%
Column 1raft
98.9%
Column 1surf
98.7%
Column 1calf
98.5%
Column 1loft
98.4%
Column 1after
98.3%
Column 1afford
98.2%
Column 1stiff
98.2%
Column 1spoof
98.2%
Column 2ffox
96.4%
Column 2ffur
96.3%
Column 2sifft
96%
Column 2saffe
95.8%
Column 2niffty
95.6%
Column 2cough
95.5%
Column 2prooff
95.4%
Column 2ffist
95.4%
Column 2swifft
95.3%
Column 2rooffer
94.7%
Column 2sniffff
94.5%
Column 2ffluffffy
93.5%
word re-word % Correct
Column 3crat
92.9%
Column 3lick
92.6%
Column 3oer
92.2%
Column 3laugh
91.9%
Column 3bries
91.4%
Column 3parlor
90.8%
Column 3wale
90.3%
Column 3rail
89.7%
Column 3proit
88.8%
Column 3orget
88.1%
Column 3eect
87.2%
Column 3drated
86.2%
Column 4ged
84.6%
Column 4glu
83.6%
Column 4pugg
81.7%
Column 4sogt
80.2%
Column 4gear
78.8%
Column 4aloog
77.2%
Column 4gigty
75%
Column 4shuggle
72.6%
Column 4traggic
70%
Column 4degine
67.8%
Column 4digger
65.7%
Column 4giragge
62.3%

You're not logged in!

Compare scores with friends on all Sporcle quizzes.
Join for Free
OR
Log In

You Might Also Like...

Show Comments

Extras

Top Quizzes Today


Score Distribution

Your Account Isn't Verified!

In order to create a playlist on Sporcle, you need to verify the email address you used during registration. Go to your Sporcle Settings to finish the process.

Report this User

Report this user for behavior that violates our Community Guidelines.

Details: